000 00573nmm a2200193Ia 4500
008 251105s9999||||xx |||||||||||||||||und||
020 _a9789560001399
041 _aspa
100 _aSanhueza, Carlos
245 0 _aLa Patria Interrumpida
264 _a[Santiago de Chile, Chile] :
_bLOM Ediciones,
_c2010
300 _a248 páginas
490 _aCiencias Sociales y Humanas
650 _aHistory of the Americas: Latin America
700 _aSanhueza, Carlos
700 1 _a Pinedo, Javier
856 _uhttps://public.digitaliapublishing.com/a/13152
942 _cCF
999 _c71115
_d71115